[Event "South America-ch 1st"]
[Site "Lima"]
[Date "2023.09.19"]
[Round "6"]
[White "Navarro Ariza, Justin Jeshua"]
[Black "Vivas Zamora, Fabian Ernesto"]
[Result "0-1"]
[WhiteElo "1904"]
[BlackElo "2346"]
[PlyCount "82"]
[EventDate "2023.09.14"]
[EventType "swiss"]
[EventRounds "9"]
[EventCountry "PER"]
[SourceTitle "EXT 2024"]
[Source "ChessBase"]
[SourceDate "2023.10.10"]
[SourceVersion "1"]
[SourceVersionDate "2023.10.10"]
[SourceQuality "1"]

1. e4 c5 2. Nf3 d6 3. d4 cxd4 4. Nxd4 Nf6 5. Nc3 a6 6. Bc4 e6 7. Bb3 Nbd7 8. Bg5 Nc5 9. 0-0 Be7 10. Qf3 h6 11. Bxf6 Bxf6 12. Rad1 0-0 13. Rfe1 Qc7 14. Qg3 b5 15. Nf3 Rd8 16. e5 dxe5 17. Rxd8+ Qxd8 18. Nxe5 Nxb3 19. axb3 Qd2 20. Nf3 Qxc2 21. Qc7 b4 22. Re2 Qd3 23. Rd2 Qf5 24. Nd1 Qe4 25. Ne3 Bb7 26. Rd7 Bd5 27. Nd2 Qd3 28. Ndf1 Bxb2 29. Rxf7 Bxb3 30. Rf3 Qd8 31. Qf7+ Kh8 32. Qg6 Bd5 33. Rf7 a5 34. g4 a4 35. f4 a3 36. g5 Qg8 37. Ng4 Bd4+ 38. Nfe3 Bxe3+ 39. Nxe3 a2 40. Nc2 b3 41. Kf2 Qh7 0-1

[Event "PER-ch"]
[Site "Lima"]
[Date "2023.08.30"]
[Round "3"]
[White "Acuna Alarcon, Claudia Micaela"]
[Black "Navarro Ariza, Justin Jeshua"]
[Result "0-1"]
[WhiteElo "1538"]
[BlackElo "1904"]
[PlyCount "76"]
[EventDate "2023.08.29"]
[EventType "swiss"]
[EventRounds "9"]
[EventCountry "PER"]
[SourceTitle "EXT 2024"]
[Source "ChessBase"]
[SourceDate "2023.10.10"]
[SourceVersion "1"]
[SourceVersionDate "2023.10.10"]
[SourceQuality "1"]

1. d4 Nf6 2. c4 c5 3. d5 b5 4. cxb5 a6 5. e3 d6 6. Nc3 g6 7. Bd3 Bg7 8. Nf3 0-0 9. 0-0 axb5 10. Bxb5 Ba6 11. Bxa6 Nxa6 12. e4 Qb6 13. Qe2 Nb4 14. Bd2 Qa6 15. Qxa6 Rxa6 16. Ne1 Ng4 17. a3 Ne5 18. Rd1 Nbd3 19. Nxd3 Nxd3 20. Bc1 c4 21. h4 Rb8 22. Rd2 Nxc1 23. Rxc1 Bh6 24. Rcc2 Bxd2 25. Rxd2 Rab6 26. Na4 c3 27. bxc3 Ra6 28. Rd4 Rb1+ 29. Kh2 Rb3 30. Rc4 Rxa3 31. Nb2 Kg7 32. f4 Rb3 33. Nd3 Ra1 34. Nf2 Ra2 35. Nd1 Rd2 36. Ne3 Rd3 37. Nf1 Rdxc3 38. Ra4 Rb2 0-1

[Event "World Cup U18 Prel"]
[Site "Tornelo INT"]
[Date "2021.08.20"]
[Round "9"]
[White "Mohamed, Anees M"]
[Black "Navarro Ariza, Justin Jeshua"]
[Result "1-0"]
[WhiteElo "2312"]
[BlackElo "1865"]
[PlyCount "109"]
[EventDate "2021.08.16"]
[EventType "swiss (rapid)"]
[EventRounds "10"]
[EventCountry "NET"]
[SourceTitle "CBM 203 Extra"]
[Source "ChessBase"]
[SourceDate "2021.09.30"]
[SourceVersion "1"]
[SourceVersionDate "2021.09.30"]
[SourceQuality "1"]

1. e4 c5 2. Nf3 d6 3. d4 cxd4 4. Nxd4 Nf6 5. Nc3 a6 6. Bg5 e6 7. f4 Be7 8. Qf3 Qc7 9. 0-0-0 Nbd7 10. Bd3 h6 11. Bh4 g5 12. fxg5 Ne5 13. Qe2 Nfg4 14. h3 hxg5 15. Bg3 Nf6 16. Rhf1 b5 17. a3 Rb8 18. Qd2 Qb6 19. Bf2 b4 20. axb4 Qxb4 21. Nb3 a5 22. Na2 Qxd2+ 23. Nxd2 Nxd3+ 24. cxd3 Ba6 25. Nf3 g4 26. hxg4 Nxg4 27. Bd4 e5 28. Bg1 f5 29. Rfe1 f4 30. Nc3 Kf7 31. d4 Ke6 32. dxe5 dxe5 33. Rd5 Bb4 34. Bc5 Rhd8 35. Bxb4 axb4 36. Rxd8 Rxd8 37. Nd5 Bb7 38. Ng5+ Kd7 39. Nxb4 Ne3 40. Nd3 Rc8+ 41. Kb1 Re8 42. g3 Kc7 43. gxf4 exf4 44. Nxf4 Nc4 45. Nfe6+ Kd6 46. Rd1+ Ke5 47. Nc5 Bc6 48. Nf3+ Kf4 49. Nd2 Ne3 50. Re1 Bb5 51. b4 Bd3+ 52. Nxd3+ Kg4 53. Rxe3 Rd8 54. Kc2 Rc8+ 55. Nc5 1-0

[Event "World Cup U18 Prel"]
[Site "Tornelo INT"]
[Date "2021.08.19"]
[Round "7"]
[White "Stoyanov, Viktor"]
[Black "Navarro Ariza, Justin Jeshua"]
[Result "1-0"]
[WhiteElo "2204"]
[BlackElo "1865"]
[PlyCount "89"]
[EventDate "2021.08.16"]
[EventType "swiss (rapid)"]
[EventRounds "10"]
[EventCountry "NET"]
[SourceTitle "CBM 203 Extra"]
[Source "ChessBase"]
[SourceDate "2021.09.30"]
[SourceVersion "1"]
[SourceVersionDate "2021.09.30"]
[SourceQuality "1"]

1. e4 c5 2. Nc3 e6 3. Nf3 Nc6 4. d4 cxd4 5. Nxd4 Bb4 6. Nxc6 bxc6 7. Bd3 d5 8. 0-0 Nf6 9. e5 Nd7 10. Qg4 Bxc3 11. bxc3 g6 12. Qg3 0-0 13. Bg5 Qc7 14. f4 f5 15. exf6 Nxf6 16. Rae1 c5 17. c4 Nh5 18. Qf3 Bb7 19. Rxe6 dxc4 20. Be4 Bxe4 21. Qxe4 Qd7 22. Qxc4 Qd4+ 23. Qxd4 cxd4 24. g4 Ng7 25. Rd6 Rac8 26. Rf2 Rc4 27. Rd2 Rfc8 28. R6xd4 Rxd4 29. Rxd4 Ne6 30. Ra4 Rxc2 31. Rxa7 Nd4 32. Bf6 Nf3+ 33. Kf1 Nxh2+ 34. Ke1 Nxg4 35. Bd4 Rc4 36. Bb2 Rxf4 37. a4 Ne3 38. a5 Ra4 39. a6 Nc4 40. Bc3 Nb6 41. Rg7+ Kf8 42. a7 Ra3 43. Rb7 Nd5 44. Bd4 Nf4 45. Bc5+ 1-0

[Event "Pan American-ch U16"]
[Site "Guayaquil"]
[Date "2019.07.27"]
[Round "9"]
[White "Navarro Ariza, Justin Jeshua"]
[Black "Balderas Garza, Adolfo"]
[Result "0-1"]
[WhiteElo "1764"]
[BlackElo "1715"]
[PlyCount "102"]
[EventDate "2019.07.21"]
[EventType "swiss"]
[EventRounds "9"]
[EventCountry "ECU"]
[SourceTitle "EXT 2021"]
[Source "ChessBase"]
[SourceDate "2020.10.23"]
[SourceVersion "1"]
[SourceVersionDate "2020.10.23"]
[SourceQuality "1"]

1. e4 c5 2. Nf3 Nc6 3. d4 cxd4 4. Nxd4 Nf6 5. Nc3 d6 6. Bc4 g6 7. Nxc6 bxc6 8. e5 Ng4 9. exd6 Qxd6 10. Qe2 Bg7 11. h3 Nf6 12. Bg5 0-0 13. 0-0 Qb4 14. Bb3 e6 15. Rad1 Nd5 16. Nxd5 cxd5 17. c3 Qb8 18. c4 Ba6 19. Qg4 dxc4 20. Bxc4 Bxc4 21. Qxc4 Qxb2 22. Rd7 a5 23. Rfd1 a4 24. R1d2 Qe5 25. f4 Qa5 26. Qe4 Rac8 27. Be7 Rfe8 28. Bb4 Qb5 29. a3 Qb6+ 30. Kh2 Rc1 31. R2d6 Qg1+ 32. Kg3 h5 33. h4 Bf6 34. Rd3 Qh1 35. Kf2 Bxh4+ 36. Ke3 Qg1+ 37. Kd2 Qd1+ 38. Ke3 Qf1 39. Qf3 Qg1+ 40. Ke4 Rc4+ 41. R3d4 Qb1+ 42. Qd3 Rxd4+ 43. Rxd4 Qg1 44. Qd2 Rc8 45. Bc3 Bf6 46. Rd3 Rc4+ 47. Kf3 Qf1+ 48. Kg3 Bxc3 49. Rxc3 Rxc3+ 50. Qxc3 Qb5 51. Qd4 Qb3+ 0-1

[Event "Pan American-ch U16"]
[Site "Guayaquil"]
[Date "2019.07.26"]
[Round "8"]
[White "Wong Pages, Juan Diego"]
[Black "Navarro Ariza, Justin Jeshua"]
[Result "1-0"]
[WhiteElo "1739"]
[BlackElo "1764"]
[PlyCount "77"]
[EventDate "2019.07.21"]
[EventType "swiss"]
[EventRounds "9"]
[EventCountry "ECU"]
[SourceTitle "EXT 2020"]
[Source "ChessBase"]
[SourceDate "2019.10.17"]
[SourceVersion "1"]
[SourceVersionDate "2019.10.17"]
[SourceQuality "1"]

1. e4 c5 2. Nf3 d6 3. d4 cxd4 4. Nxd4 Nf6 5. Nc3 a6 6. Bg5 e6 7. f4 Be7 8. Qf3 Qc7 9. 0-0-0 h6 10. Bh4 Nbd7 11. Bd3 g5 12. fxg5 Ne5 13. Qe2 Nfg4 14. Bg3 hxg5 15. Kb1 Bd7 16. Qd2 Nxd3 17. cxd3 Qb6 18. Nf3 f6 19. d4 0-0-0 20. h3 Nh6 21. Rc1 Kb8 22. d5 e5 23. Bf2 Qa5 24. Qe3 Qc5 25. Qe2 Qa5 26. Nd2 Rc8 27. Nc4 Qb4 28. Nb6 Rc7 29. a3 Qb3 30. Qe3 Be8 31. Nd7+ Kc8 32. Nb5 Qxb5 33. Nb6+ Kb8 34. Rxc7 Kxc7 35. Rc1+ Bc6 36. dxc6 bxc6 37. a4 Qa5 38. Nd5+ Kd8 39. Qa7 1-0

[Event "Pan American-ch U16"]
[Site "Guayaquil"]
[Date "2019.07.24"]
[Round "6"]
[White "Soriano Quispe, Ivan Excender"]
[Black "Navarro Ariza, Justin Jeshua"]
[Result "1-0"]
[WhiteElo "2042"]
[BlackElo "1764"]
[PlyCount "169"]
[EventDate "2019.07.21"]
[EventType "swiss"]
[EventRounds "9"]
[EventCountry "ECU"]
[SourceTitle "EXT 2020"]
[Source "ChessBase"]
[SourceDate "2019.10.17"]
[SourceVersion "1"]
[SourceVersionDate "2019.10.17"]
[SourceQuality "1"]

1. e4 c5 2. Nf3 d6 3. d4 cxd4 4. Nxd4 Nf6 5. Nc3 a6 6. Bg5 e6 7. f4 Be7 8. Qf3 Qc7 9. 0-0-0 h6 10. Bh4 Nbd7 11. f5 Ne5 12. Qh3 Nfg4 13. Bxe7 Qxe7 14. Qg3 Qg5+ 15. Kb1 Ne3 16. Qxg5 hxg5 17. Re1 Nxf1 18. Rexf1 Nc4 19. Rd1 Ne3 20. Rd2 Ke7 21. Re2 Nc4 22. fxe6 fxe6 23. g3 Bd7 24. Nf3 g4 25. Ne1 Raf8 26. Nd3 Rf3 27. Rhe1 g5 28. b3 Na5 29. Rg2 Nc6 30. Nd1 Rhf8 31. e5 Nxe5 32. Nxe5 dxe5 33. Rxe5 R8f5 34. Re1 Rf1 35. Rge2 Rxe1 36. Rxe1 Bc6 37. Ne3 Re5 38. Kc1 Bf3 39. Kd2 Rc5 40. c4 Rc8 41. Kc3 Rh8 42. Nf1 Bg2 43. Nd2 Rxh2 44. Re2 Kd6 45. Kd4 e5+ 46. Ke3 Kc5 47. a3 a5 48. Ne4+ Bxe4 49. Rxh2 Bf3 50. Rh5 a4 51. bxa4 Kxc4 52. Rxg5 Kb3 53. a5 Kxa3 54. Rxe5 Kb4 55. Kd4 Bc6 56. Rg5 Bf3 57. Rc5 Be2 58. Rd5 Bf3 59. Re5 Bc6 60. Ke3 Bf3 61. Kf4 Bd1 62. Kg5 Ka4 63. Kf6 Bf3 64. Ke7 Kb4 65. Kd6 Ka4 66. Kc7 Kb4 67. Kb6 Ka4 68. Rf5 Kb4 69. Rf4+ Kc3 70. Rf7 Kb4 71. Re7 Ka4 72. Re5 Kb4 73. Kc7 Ka4 74. Kd6 Kb4 75. Ke6 Ka4 76. Kf5 Kb4 77. Kf4 Ka4 78. Ke3 Bc6 79. Rc5 Bb5 80. Rg5 Bd7 81. Rg7 Bc8 82. Rc7 Be6 83. Rxb7 Kxa5 84. Kf4 Bd5 85. Rg7 1-0

[Event "Guayaquil zt 2.4"]
[Site "Guayaquil"]
[Date "2019.04.12"]
[Round "6"]
[White "Suasnabar, Jesus"]
[Black "Navarro Ariza, Justin Jeshua"]
[Result "1-0"]
[WhiteElo "1847"]
[BlackElo "1779"]
[PlyCount "49"]
[EventDate "2019.04.09"]
[EventType "swiss"]
[EventRounds "9"]
[EventCountry "ECU"]
[SourceTitle "CBM 189 Extra"]
[Source "ChessBase"]
[SourceDate "2019.06.03"]
[SourceVersion "1"]
[SourceVersionDate "2019.06.03"]
[SourceQuality "1"]

1. d4 Nf6 2. Nf3 e6 3. c4 c5 4. dxc5 Bxc5 5. Nc3 0-0 6. e3 a6 7. a3 Nc6 8. b4 Ba7 9. Bb2 Ne7 10. Qc2 d5 11. cxd5 Nexd5 12. Bd3 h6 13. 0-0 b5 14. Nxd5 Nxd5 15. Bh7+ Kh8 16. Rad1 Bb7 17. e4 Rc8 18. Qb1 Kxh7 19. exd5+ Kh8 20. dxe6 Qe7 21. Rd7 Qxe6 22. Rxb7 Bb6 23. Qa1 Rfe8 24. Bxg7+ Kg8 25. Be5 1-0

[Event "Pan American-ch U12 27th"]
[Site "Montevideo"]
[Date "2016.07.30"]
[Round "8"]
[White "Curo Supo, Oscar Andre"]
[Black "Navarro Ariza, Justin Jeshua"]
[Result "0-1"]
[WhiteElo "1379"]
[BlackElo "1503"]
[PlyCount "102"]
[EventDate "2016.07.25"]
[EventType "swiss"]
[EventRounds "9"]
[EventCountry "URU"]
[SourceTitle "EXT 2017"]
[Source "ChessBase"]
[SourceDate "2016.10.25"]
[SourceVersion "1"]
[SourceVersionDate "2016.10.25"]
[SourceQuality "1"]

1. e4 c5 2. d4 cxd4 3. c3 d3 4. Bxd3 d6 5. Nf3 Nf6 6. 0-0 e6 7. Bf4 Be7 8. Nbd2 Nc6 9. Re1 0-0 10. Qc2 e5 11. Be3 Be6 12. a3 h6 13. c4 Ng4 14. b3 Nxe3 15. Rxe3 Bg4 16. h3 Bh5 17. g4 Bg6 18. b4 Qd7 19. Nb3 h5 20. Nh2 Bg5 21. Rg3 Bf4 22. Rg2 Kh7 23. Qe2 hxg4 24. Rxg4 Rh8 25. Rh4+ Kg8 26. Rxh8+ Kxh8 27. Qg4 Bxh2+ 28. Kxh2 Qxg4 29. hxg4 Nd8 30. Nc1 Ne6 31. Ne2 Ng5 32. Kg3 Nxe4+ 33. Bxe4 Bxe4 34. f3 Bd3 35. Kf2 Bxc4 36. Rc1 Rc8 37. Ke3 Be6 38. Rh1+ Kg8 39. Rd1 d5 40. g5 Rc2 41. Rd3 d4+ 42. Kf2 Bc4 43. Rd1 Rxe2+ 44. Kg3 Re3 45. a4 Be2 46. Re1 Rxf3+ 47. Kg2 d3 48. a5 d2 49. a6 dxe1Q 50. axb7 Qg3+ 51. Kh1 Rf1# 0-1